000
00245nam a22000857a 4500
008
150301b xxu||||| |||| 00| 0 eng d
100
1
_a
Johl, Max G.
245
1
0
_a
United States Postage Stamps of the Twentieth Century, The
_b
Volume I
490
_v
Volume I
999
_c
2315
_d
2315